| 000 | 00869nam a22002657a 4500 | ||
|---|---|---|---|
| 003 | 0 | ||
| 005 | 20251018100708.0 | ||
| 008 | 251018b xxu||||| |||| 00| 0 eng d | ||
| 020 | _a978-1-84749-857-1 | ||
| 050 |
_aPR 6029 _b.R8 2023 |
||
| 100 |
_aOrwell, George, _d1903-1950, _eauthor. |
||
| 245 |
_aNineteen eighty-four / _cGeorge Orwell. |
||
| 250 | _aThird reprint. | ||
| 260 |
_aRichmond, Surrey, United Kingdom : _bAlma Classics, _c2023. |
||
| 300 |
_a283 pages ; _c20 cm. |
||
| 490 | _aAlma Classics | ||
| 500 | _aOriginally published in 1949. Includes an introduction, notes and extra material. | ||
| 504 | _aIncludes bibliographical references. | ||
| 650 |
_aTotalitarianism _vFiction. |
||
| 650 | _aPolitical fiction, English. | ||
| 650 |
_aDystopias _vFiction. |
||
| 650 | _aPsychological fiction. | ||
| 830 | _aAlma Classics. | ||
| 942 |
_2lcc _cBK |
||
| 999 |
_c368270 _d368270 |
||